00991nam a2200289Ia 450000500170000000800410001702000180005804100080007610000290008424500780011325000180019130000570020949000210026650000450028765000500033265000500038265000320043270000400046494200150050426400330051933600270055233700330057933800280061204000350064008400110067599900150068620220317001859.0170410s2013 c a g 000 j s  a9789876022538 aspa1 aShua, Ana Maríad1951-10aTres de amorbcuentoscAna María Shua ; ilustraciones de Mónica Weiss a1a. edición a55 páginasbilustraciones en blanco y negroc20 cm aVeinte escalones aIncluye datos biográficos de la autora142LEMBaCuentos infantiles argentinosySiglo XX142LEMBaLiteratura infantil argentinaySiglo XX142LEMBaAmor en la literatura1 aWeiss, Mónicaeilustradora978325 2loccBKLIT aCórdobabComunicartec2013 atextobtxt2rdacontent asin mediaciónbn2rdamedia avolumenbnc2rdacarrier aCO-BoRNBPbspaerdacCO-BoRNBP aC SHU1 c8404d8404